1535 1984 1232 1991 1252 1000 1595 1313 1374 1200 1323 1363 1509 1310 1991 1519 1931 1695 1845 1956 1111 1084 1397 1322 1978 1158 1109 1053 1960 1288 1097 1475 1309 1191 1856 1249 1102 1672 1731 1270 1517 1008 1951 1244 1426 1860 1339 1552 1505 1801 1890 1326 1384 1490 1993 1824 1188 1135 1895 1048 1913 1845 1242 1901 1138 1107 1752 1019 1431 1251 1270 1933 1908 1598 1449 1123 1554 1614 1363 1544 1215 1530 1083 1103 1058 1939 1430 1787 1941 1140 1030 1752 1231 1381 1880 1096 1575 1062 1175 BCNSPRNW ULIB Ver.6.0+V

เปลี่ยนเป็นภาษาไทย

Change to English
 แสดงรายละเอียดบรรณานุกรม
  กลับหน้าหลัก

Brief Record : Get Marc (ISO 2709) : E-mail record : QR code < ปิดหน้าต่าง
LEADER : 00000nam 2200000uu 4500
001    13399127112
003     ULIB
008    191015s2019||||th 000 0 tha d
020    ^a9780323428743
060 04 ^aQZ39^bW423D
100 1  ^aWeiner, Carl P.
245 10 ^aDrugs for pregnant and lactating Women /^cCarl P. Weinerand Clifford Mason
260    ^aPhiladelphia :^bElsevier,^c2019
300    ^a1026 p. ;^c27 cm.
504    ^aIncludes bibliographical references
650  2 ^aPharmaceutical Preparations^xcontraindications^vhandbooks
650  2 ^aBreast Feeding^vhandbooks
650  2 ^aPregnancy^vhandbooks
700 1  ^aMason, Clifford
945    ^p4340^l0^i006300
999    ^aประนอม เกษจรัล
รายการนี้ยังไม่มีแท็ก
คุณยังไม่ได้ล็อกอิน คุณสามารถมีกิจกรรมร่วมกับเว็บไซต์ได้ แต่ต้องล็อกอินก่อน ::
  ล็อกอิน

รายการสื่อสารสนเทศ

ลำดับที่ ประเภท เลขเรียก/บาร์โค้ด สถานที่ สถานะ
1. วิทยาศาสตร์การแพทย์ และสุขภาพ
หนังสือสำรอง
สถานะ=หนังสือสำรอง
QZ39 W423D ฉ.1 
  Barcode: 006300
ห้องสมุดวิทยาเขตสวรรค์ประชารักษ์
►หนังสือทั่วไป
บนชั้น

BibComment


ยังไม่เคยถูกคอมเมนท์

คอมเมนท์ทรัพยากรรายการนี้
  คอมเมนท์: Drugs for pregna..


 Copyright 2026. Bcnsprnw @Library